| 000 | 01080cam a2200289 a 4500 | ||
|---|---|---|---|
| 999 |
_c18579 _d18579 |
||
| 001 | 2439568 | ||
| 005 | 20170113091630.0 | ||
| 008 | 880429s1988 nyua c 000 0 eng | ||
| 010 | _a 88061301 | ||
| 020 | _a092942400X | ||
| 050 | 0 | 0 | _aNK7234 .S64 1988 |
| 100 | 1 | _aSoeffing, D. Albert. | |
| 245 | 1 | 0 |
_aSilver medallion flatware / _cD. Albert Soeffing ; photographs by Andrew Kohler. |
| 260 |
_aNew York City : _bNew Books, _c1988. |
||
| 300 |
_a111 p. : _bill. ; _c27 cm. |
||
| 650 | 0 |
_aSilver flatware _zUnited States _xHistory _y19th century _xCatalogs. |
|
| 650 | 0 |
_aSilver flatware _zUnited States _xPatterns. |
|
| 650 | 0 |
_aMedallions (Decorative arts) _zUnited States _xHistory _y19th century _xCatalogs. |
|
| 942 |
_2lcc _cBOOKS _hNK7234 .S64 1988 |
||